Xcode 4 cookbook (Record no. 1605)
[ view plain ]
| 000 -LEADER | |
|---|---|
| fixed length control field | 01403nam a2200337 a 4500 |
| 100 1# - MAIN ENTRY--AUTHOR NAME | |
| Personal name | Daniel, Steven F. |
| 245 10 - TITLE STATEMENT | |
| Title | Xcode 4 cookbook |
| 260 ## - PUBLICATION, DISTRIBUTION, ETC. (IMPRINT) | |
| Place of publication | Birmingham : |
| Name of publisher | Packt Pub., |
| Year of publication | 2013. |
| 300 ## - PHYSICAL DESCRIPTION | |
| Number of Pages | iv, 384 p. : |
| Other physical details | ill. (some col.) |
| 500 ## - GENERAL NOTE | |
| General note | "Quick answers to common problems"--Cover. |
| General note | Includes index. |
| 650 #0 - SUBJECT ADDED ENTRY--TOPICAL TERM | |
| Topical Term | Computer software |
| Topical Term | Operating systems (Computers) |
| Topical Term | Application software |
| 856 40 - ELECTRONIC LOCATION AND ACCESS | |
| Uniform Resource Identifier | http://site.ebrary.com/lib/rucke/Doc?id=10714603 |
No items available.
